| 000 | 00594nam a2200217 i 4500 | ||
|---|---|---|---|
| 001 | bg | ||
| 100 | 1 | _aO'DONNEL, W. R. | |
| 245 | 1 | 0 |
_aVariety in contemporary English / _cW.R. O'Donnell, Loreto Todd. |
| 260 |
_aLondon ; _aNew York : _bRoutledge, _c1995. |
||
| 300 |
_a165 s. : _b1 mapa, wykr. ; _c22 cm. |
||
| 504 | _aBibliogr. przy rozdz. | ||
| 650 | 9 |
_aJęzyk angielski _xhistoria |
|
| 700 | 1 | _aTODD, Loreto. | |
| 020 | _a041508477 | ||
| 040 | _cBPK | ||
| 041 | 0 | _aen | |
| 080 | _a811.111(091) | ||
| 920 | _a0-415-0847-7 | ||
| 942 | _cKS | ||
| 008 | s pl f |000 0 pol | ||
| 999 |
_c32251 _d32251 |
||